[Event "St Petersburg March op"]
[Site "St Petersburg"]
[Date "2008.03.25"]
[Round "4"]
[White "Vunder, Andrei"]
[Black "Eliseev, Alexey"]
[Result "0-1"]
[WhiteElo "2241"]
[BlackElo "2403"]
[PlyCount "114"]
[EventDate "2008.03.22"]
[EventType "swiss"]
[EventRounds "9"]
[EventCountry "RUS"]
[SourceTitle "EXT 2010"]
[Source "ChessBase"]
[SourceDate "2010.11.25"]
[SourceVersion "1"]
[SourceVersionDate "2010.11.25"]
[SourceQuality "1"]

1. d4 g6 2. Nf3 Bg7 3. c4 d6 4. Nc3 Nd7 5. e3 e5 6. Be2 Ngf6 7. b3 0-0 8. Bb2 Re8 9. Qc2 c6 10. h3 a6 11. dxe5 dxe5 12. Rd1 e4 13. Nd2 Qe7 14. 0-0 h5 15. b4 Qxb4 16. Ncxe4 Nxe4 17. Bxg7 Ng3 18. Ba1 Nxe2+ 19. Kh1 Nc5 20. Nb3 Nxb3 21. axb3 Bf5 22. Qb2 Qc3 23. Qxe2 Qxb3 24. Qd2 Kh7 25. Qd4 Rg8 26. Qh4 Bd3 27. Rg1 Qxc4 28. Bd4 c5 29. Rc1 Bc2 30. Bf6 Qxh4 31. Bxh4 Bf5 32. Rxc5 Rac8 33. Rd5 Be6 34. Rd2 g5 35. Bg3 Rgd8 36. Rgd1 Rxd2 37. Rxd2 b5 38. Rd6 a5 39. Ra6 a4 40. Bd6 Kg6 41. e4 Bd7 42. Be7+ Bc6 43. f3 f5 44. e5 f4 45. Bd6 Kf5 46. Ra7 Bd5 47. Ra5 Bc4 48. Kh2 Ke6 49. Kg1 Rc6 50. Kf2 Rxd6 51. exd6 Kxd6 52. Ke1 Kc5 53. Kd2 Kb4 54. Ra7 Kb3 55. Re7 Kb2 56. Re1 a3 57. Rc1 Bb3 0-1

[Event "Chigorin Memorial-B 15th"]
[Site "St Petersburg"]
[Date "2007.12.08"]
[Round "8"]
[White "Eliseev, Alexey"]
[Black "Efanov, Nikolai Aleksandrov"]
[Result "0-1"]
[WhiteElo "2389"]
[BlackElo "2339"]
[PlyCount "98"]
[EventDate "2007.11.30"]
[EventType "swiss"]
[EventRounds "9"]
[EventCountry "RUS"]
[SourceTitle "CBM 121 Extra"]
[Source "ChessBase"]
[SourceDate "2008.01.10"]
[SourceVersion "1"]
[SourceVersionDate "2008.01.10"]
[SourceQuality "1"]

1. Nf3 d5 2. c4 c6 3. e3 Nf6 4. Nc3 e6 5. b3 Nbd7 6. Qc2 Bd6 7. Be2 0-0 8. Bb2 Qe7 9. 0-0 b6 10. Rad1 Bb7 11. d4 dxc4 12. bxc4 e5 13. Bd3 Rae8 14. Ng5 h6 15. Nge4 Bb8 16. Ng3 g6 17. d5 cxd5 18. cxd5 Kg7 19. Bb5 Rc8 20. d6 Bxd6 21. Qd3 Bb8 22. Nce4 Nc5 23. Nxc5 bxc5 24. Bc4 Rcd8 25. Qb3 Bc6 26. f4 Rxd1 27. Qxd1 h5 28. Qc1 h4 29. Nh1 exf4 30. exf4 Qe4 31. Rf3 Re8 32. Bc3 Qf5 33. Rf1 Kh7 34. Bxf7 Re2 35. Rf2 Rxf2 36. Nxf2 Ne4 37. Bb3 Nxf2 38. Qe1 Qe4 39. Qxf2 Qxf4 40. Qxc5 Qxh2+ 41. Kf2 Qxg2+ 42. Ke1 Qg3+ 43. Ke2 Qh2+ 44. Ke1 Bg3+ 45. Kd1 Bf3+ 46. Kc1 Bf4+ 47. Kb1 Be4+ 48. Ka1 Qh1+ 49. Kb2 Qc1# 0-1

[Event "Chigorin Memorial-B 15th"]
[Site "St Petersburg"]
[Date "2007.12.05"]
[Round "5"]
[White "Fedoseev, Vladimir1111"]
[Black "Eliseev, Alexey"]
[Result "0-1"]
[WhiteElo "2236"]
[BlackElo "2389"]
[PlyCount "92"]
[EventDate "2007.11.30"]
[EventType "swiss"]
[EventRounds "9"]
[EventCountry "RUS"]
[SourceTitle "CBM 121 Extra"]
[Source "ChessBase"]
[SourceDate "2008.01.10"]
[SourceVersion "1"]
[SourceVersionDate "2008.01.10"]
[SourceQuality "1"]

1. e4 c5 2. Nf3 e6 3. d4 cxd4 4. Nxd4 a6 5. Nc3 b5 6. Bd3 Qb6 7. Nb3 Qc7 8. a4 b4 9. Ne2 Bb7 10. Bf4 e5 11. Bg5 h6 12. Bh4 Be7 13. Bxe7 Nxe7 14. Qd2 Nbc6 15. 0-0 0-0 16. a5 d5 17. Ng3 Rad8 18. Qe2 dxe4 19. Nxe4 Nd4 20. Nxd4 Rxd4 21. Nd2 Qc6 22. f3 Ng6 23. Nb3 Rf4 24. g3 Rf6 25. Be4 Qc7 26. Ra4 Bxe4 27. Qxe4 Rb8 28. Rf2 Qd7 29. Rxb4 Rxb4 30. Qxb4 Qd1+ 31. Rf1 Qxc2 32. Qc3 Qe2 33. Rf2 Qb5 34. Nc5 Rd6 35. b4 Rd4 36. Kg2 Rxb4 37. Nd7 Qxa5 38. Qc8+ Kh7 39. Qe8 Qd5 40. h4 Rb7 41. Nb8 h5 42. Nxa6 Qa5 43. Nb8 Qa8 44. Rd2 Qxb8 45. Rd8 Rb2+ 46. Kh3 Qb5 0-1

[Event "St Petersburg op"]
[Site "St Petersburg"]
[Date "2007.10.27"]
[Round "1"]
[White "Eliseev, Alexey"]
[Black "Androsov, Sergey"]
[Result "1-0"]
[WhiteElo "2389"]
[BlackElo "2102"]
[PlyCount "75"]
[EventDate "2007.10.27"]
[EventType "swiss"]
[EventRounds "9"]
[EventCountry "RUS"]
[SourceTitle "CBM 121 Extra"]
[Source "ChessBase"]
[SourceDate "2008.01.10"]
[SourceVersion "1"]
[SourceVersionDate "2008.01.10"]
[SourceQuality "1"]

1. e4 d6 2. d4 Nf6 3. Nc3 Nbd7 4. f4 e5 5. Nf3 exd4 6. Qxd4 c6 7. Be3 Qb6 8. 0-0-0 Qxd4 9. Bxd4 Nh5 10. f5 Nhf6 11. a4 Ng4 12. Bc4 Nge5 13. Nxe5 dxe5 14. Be3 Bb4 15. g4 Bxc3 16. bxc3 Nf6 17. Bg5 h6 18. Bh4 0-0 19. Bxf6 gxf6 20. h4 b5 21. axb5 cxb5 22. Bd5 Rb8 23. g5 Kg7 24. Rhg1 hxg5 25. hxg5 fxg5 26. Rxg5+ Kf6 27. Rh5 Bb7 28. Bxb7 Rxb7 29. Rd6+ Ke7 30. Ra6 f6 31. Rh7+ Rf7 32. Re6+ Kd8 33. Rh8+ Kc7 34. Ra8 b4 35. c4 b3 36. cxb3 Rh7 37. Rxf6 Rh1+ 38. Kb2 1-0

[Event "Petrovskaya Ladya GM 08"]
[Site "Peterhof"]
[Date "2007.08.19"]
[Round "10"]
[White "Eliseev, Alexey"]
[Black "Vysochin, Spartak"]
[Result "1/2-1/2"]
[WhiteElo "2421"]
[BlackElo "2518"]
[PlyCount "54"]
[EventDate "2007.08.13"]
[EventType "tourn"]
[EventRounds "11"]
[EventCountry "RUS"]
[EventCategory "8"]
[SourceTitle "CBM 119 Extra"]
[Source "ChessBase"]
[SourceDate "2007.09.04"]
[SourceVersion "1"]
[SourceVersionDate "2007.09.04"]
[SourceQuality "1"]

1. e4 e6 2. d4 d5 3. Nc3 Nf6 4. e5 Nfd7 5. f4 c5 6. Nf3 Nc6 7. Be3 Be7 8. Qd2 0-0 9. Bd3 f6 10. exf6 Bxf6 11. Be2 cxd4 12. Nxd4 Bxd4 13. Bxd4 e5 14. Bxe5 Ndxe5 15. fxe5 Be6 16. 0-0-0 d4 17. Ne4 Qd5 18. Ng5 Qxa2 19. Qd3 Qa1+ 20. Kd2 Qa5+ 21. Kc1 Bf5 22. Qb3+ Kh8 23. Nf7+ Rxf7 24. Qxf7 Qa1+ 25. Kd2 Qa5+ 26. Kc1 Qa1+ 27. Kd2 Qa5+ 1/2-1/2

[Event "Petrovskaya Ladya IM1"]
[Site "Peterhof"]
[Date "2007.08.13"]
[Round "13"]
[White "Eliseev, Alexey"]
[Black "Kaliberda, Vladimir"]
[Result "0-1"]
[WhiteElo "2421"]
[BlackElo "2337"]
[PlyCount "130"]
[EventDate "2007.08.06"]
[EventType "tourn"]
[EventRounds "13"]
[EventCountry "RUS"]
[EventCategory "3"]
[SourceTitle "CBM 119 Extra"]
[Source "ChessBase"]
[SourceDate "2007.09.04"]
[SourceVersion "1"]
[SourceVersionDate "2007.09.04"]
[SourceQuality "1"]

1. e4 c5 2. Nf3 e6 3. d4 cxd4 4. Nxd4 a6 5. Bd3 Nf6 6. 0-0 d6 7. c4 Nbd7 8. Nc3 Qc7 9. Be3 b6 10. Rc1 Bb7 11. Bb1 Be7 12. Qe2 0-0 13. f4 Rac8 14. b3 Qb8 15. f5 e5 16. Nf3 b5 17. Nd5 Bd8 18. Kh1 Bxd5 19. cxd5 Bb6 20. Bd2 Rxc1 21. Rxc1 Rc8 22. Rc6 Qb7 23. Rxc8+ Qxc8 24. h3 Nh5 25. Kh2 Qc5 26. b4 Qf2 27. Qxf2 Bxf2 28. Bd3 Nb6 29. Be1 Bxe1 30. Nxe1 Kf8 31. Nc2 Na4 32. g3 Nc3 33. Kg2 Nxa2 34. Kf3 Nc3 35. h4 Ke7 36. Ne3 Na2 37. Nc2 Kd8 38. Bf1 Kc7 39. g4 Nf4 40. Ke3 Nc3 41. g5 Kb6 42. Ne1 f6 43. Kf3 a5 44. Nc2 Na2 45. bxa5+ Kxa5 46. Ne3 Kb6 47. Ng4 Nh5 48. Ke3 Kc5 49. Be2 Nc1 50. Bd1 b4 51. Kd2 Na2 52. Nf2 Ng3 53. Bb3 Nc3 54. Ke3 Kb5 55. g6 h5 56. Bc2 Nf1+ 57. Kd3 Ng3 58. Ke3 Kc5 59. Nd3+ Kb5 60. Nf2 Ka5 61. Bd3 b3 62. Kf3 Nge2 63. Bxe2 Nxe2 64. Nd3 Nc3 65. Ke3 Kb5 0-1